Responses for Show #1039 - Thursday, February 23, 1989

Contestants

[<< previous game]

Magaly Lopez-Lohnes, a teacher originally from Havana, Cuba

Howard Asaki, a physician associate from Phoenix, Arizona

Raisa Deber, a teacher from Toronto, Canada (whose 2-day cash winnings total $21,400)

[next game >>]

Jeopardy! Round responses

TELEVISION
HOUSEWARES
MATHEMATICS
NURSERY RHYMES
PRESIDENTIAL TRIVIA
ODDS & ENDS
    $100 13
(Howard: Who was Rhoda?)

Dick Van Dyke

RaisaHoward
    $100 17
(Alex: The toast was probably soggy!)

coffee & toast

Raisa
    $100 2
radius

Magaly
    $100 1
Mary (Mary, Quite Contrary)

Howard
    $100 3
George Washington

Howard
    $100 19
flagpoles

Raisa
    $200 27
[end-of-round signal sounds]
(Alex: I want to thank our director for signaling the end of this round.)

Lisa Bonet

Triple Stumper
    $200 18
4

Howard
    $200 4
64

Howard
    $200 10
"Three Blind Mice"

Raisa
    $200 8
(Alex: He had an older sister.)

John Quincy Adams

Raisa
    $200 20
(Magaly: What is the Department of the Interior?)

Energy

RaisaMagaly
    $300 24
(Alex: And we've got less than a minute to go.)

Sunbeam

Triple Stumper
    $300 5
all A is C

Raisa
    $300 11
what little girls are made of

Howard
    $300 9
Ronald Reagan movies

Raisa
    $300 21
first mate

Howard
    $400 25
(Magaly: Who was Betty Furness?)

Betty Crocker

Magaly
Triple Stumper
    $400 6
(Magaly: What is 500?)
(Alex: 1500 X 6 & then you divide.)

300

HowardMagaly
    $400 12
his Christmas pie

Magaly
    $600 15
Dwight Eisenhower (1890)

Raisa
    $400 22
barrel

Raisa
    $500 26
General Electric

Triple Stumper
    $500 7
1

Howard
    $500 14
Lucy Locket

Triple Stumper
    $500 16
Martin Van Buren

Raisa
    $500 23
(Magaly: What is Canada?)

Ireland

Magaly
Triple Stumper

Scores at the first commercial break (after clue 14):

Raisa Howard Magaly
$1,100 $1,500 $100

Scores at the end of the Jeopardy! Round:

Raisa Howard Magaly
$3,000 $2,000 -$1,000

Double Jeopardy! Round responses

ANCIENT HISTORY
ANATOMY
SHAKESPEAREAN CHARACTERS
NEW MEXICO
RHYME TIME
BALD IS BEAUTIFUL
    $200 13
Socrates

Howard
    $200 7
tooth

Howard
    $200 1
Fabian

Raisa
    $200 22
bats

Howard
    $200 6
Nader's Raiders

Howard
    $200 21
(Magaly: Who was Fiedler?)

John Williams

HowardMagaly
    $400 14
(Howard: Who are the Algonquins?)

Iroquois

Howard
Triple Stumper
    $400 8
brain

Howard
    $400 2
Catherine of Aragon

Raisa
    $400 23
Spain

Howard
    $400 12
Hell's bells

Magaly
    $400 25
(Alex: Less than a minute to go.)

Tom Landry

Howard
    $1,600 18
crescent

Raisa
    $600 9
lymph

Howard
    $600 3
Shylock

Raisa
    $600 24
Pueblo

Raisa
    $600 15
boogie-woogie

Howard
    $600 28
Irving Lazar

Raisa
    $800 19
(Howard: What are citizens?)
(Alex: No.)

Plebeian class

HowardMagaly
    $800 10
adrenal glands

Howard
    $800 4
Pyramus & Thisbe

Raisa
    $800 26
ghost town

Triple Stumper
    $800 16
(Magaly: What is Ete Moi?)

mayday

RaisaMagaly
    $800 29
[end-of-round signal sounds]
(Alex: Magaly, darn, you didn't get out of the hole & that's unfortunate; you'll take home our 3rd place prize, but won't be around for Final Jeopardy.)

Mike Royko

Raisa
    $1000 20
Pompey

Triple Stumper
    $1000 11
small intestine

Howard
    $1,500 5
Ophelia

Raisa
    $1000 27
Pancho Villa

Howard
    $1000 17
Fleet Street

Raisa

Scores at the end of the Double Jeopardy! Round:

Raisa Howard Magaly
$11,900 $7,000 -$800

[wagering suggestions for these scores]

Final Jeopardy! Round responses

THE UNITED NATIONS
(Alex: South Korea, with a population of 43 million, is the largest country that is not a U.N. member.)
HowardWhat is Korea? Hi, Sam!
$6,000
RaisaWhat is South Africa?
$3,000
(South) Korea

Final scores:

Raisa Howard Magaly
$8,900 $13,000 -$800
2nd place: Haviland porcelain service & Kosta Boda crystal stemware New champion: $13,000 3rd place: Maytag Jetclean dishwasher

Game dynamics:

Coryat scores:

Raisa Howard Magaly
$10,200 $7,000 -$800
22 R
(including 3 DDs),
0 W
21 R,
3 W
4 R,
6 W

Combined Coryat: $16,400

[game clues] [game scores] [suggest correction]

Game tape date: 1988-11-14
The J! Archive is created by fans, for fans. Scraping, republication, monetization, and malicious use prohibited; this site may use cookies and collect identifying information. See terms. The Jeopardy! game show and all elements thereof, including but not limited to copyright and trademark thereto, are the property of Jeopardy Productions, Inc. and are protected under law. This website is not affiliated with, sponsored by, or operated by Jeopardy Productions, Inc. Join the discussion at JBoard.tv.